GENÇLER PAYLAŞMAYI BİLİN YOKSA PAYLAŞILIRSINIZ (Record no. 1221773)

MARC details
000 -LEADER
sabit uzunluktaki kontrol alanı 00280nam a2200097Ia 4500
001 - KONTROL NUMARASI
kontrol alanı 1221773
005 - EN SON İŞLEMİN TARİH VE ZAMANI
kontrol alanı 20250827092835.0
008 - SABİT-UZUNLUKTA VERİ ÖĞELERİ--GENEL BİLGİ
sabit uzunluktaki kontrol alanı 250824s9999 xx 000 0 und d
245 #0 - ESER / YAZAR
ESER ADI GENÇLER PAYLAŞMAYI BİLİN YOKSA PAYLAŞILIRSINIZ
Yazar Adı NEVA TEZCAN TOPUZ
260 ## - YAYIN, DAĞITIM, VB.
YAYIN EVİ BEYAN YAYINLARI
Holdings
Düşüm durumu Kayıp durumu Hasar Durumu Ödünç verilmez Ana kütüphane Geçerli Kütüphane Edinilen tarih Toplam ödünç verme sayısı Barkod Son görüntüleme tarihi Fiyatın geçerli olmaya başladığı tarih Koha materyal türü
        KONYA ATATÜRK ANADOLU LİSESİ KONYA ATATÜRK ANADOLU LİSESİ 24.08.2025   11016087 27.08.2025 27.08.2025 Books